|
|
|
|
| LEADER |
00000nab a2200000 a 4500 |
| 001 |
vtls000712011 |
| 003 |
SK-MaSNL |
| 005 |
20260302195453.0 |
| 008 |
180206c2000 xo 0 slo |
| 015 |
|
|
|a SNBRB2000/02-03554
|
| 035 |
|
|
|a CLN000064178
|
| 040 |
|
|
|a SNKBUCL
|b slo
|c SNKBUCL
|e AACR2
|
| 041 |
0 |
|
|a slo
|
| 044 |
|
|
|a xo
|c SK
|
| 080 |
|
|
|a 796.922.093.1(100)
|2 UDC-MRF-SK2
|
| 100 |
1 |
|
|a Gressner, Igor
|4 aut
|9 838363
|
| 245 |
1 |
0 |
|a Ešteže máme "obojživelníka"
|b Majstrovstvá sveta juniorov v klasickom lyžovaní
|c Igor Gressner
|
| 611 |
1 |
7 |
|a Majstrovstvá sveta juniorov v klasickom lyžovaní
|d 2000
|c Štrbské Pleso, Slovensko
|2 snkbucl
|9 913654
|
| 650 |
0 |
7 |
|a lyžovanie
|x beh
|x juniori
|2 snkbucl
|9 839003
|
| 655 |
|
7 |
|a články z novín a časopisov
|2 snkbucl
|9 267496
|
| 773 |
0 |
|
|t Šport
|g Roč. 54, č. 22 (28.1.2000), s. 41
|
| 850 |
|
|
|a Slovenská národná knižnica v Martine
|
| 852 |
|
|
|a SNK
|b KIS3GCP
|
| 958 |
|
|
|a RBX
|
| 999 |
|
|
|c 1452790
|d 1454720
|